000 00439nam a2200169Ia 4500
008 240729s9999 xx 000 0 und d
022 _a1176-9343
245 0 _aEvolutionary Bioinformatics
260 _aUnited States
260 _bSAGE Publishing
650 _a Biology (General)
650 _a Evolution
650 _aScience
856 _uhttps://doaj.org/toc/91358c163bed4ce5a179f04c8005aeab
942 _2ddc
942 _cDOAJEJ
999 _c67720
_d67720
945 _a1
_bMadushi Gamage
_c1
_dMadushi Gamage